Colonized By France - Statistics

General Stats
  • This quiz has been taken 21 times
  • The average score is 27 of 37
Answer Stats
Hint Answer % Correct
1830-1962 Algeria
100%
1902-1960 Mauritania
95%
1890-1960 Niger
95%
1603-1763 Canada
89%
1900-1960 Chad
89%
1891-1958 Guinea
89%
1883-1960 Mali
89%
1916-1960 Togo
89%
1916-1960 Togo
89%
1881-1956 Tunisia
89%
1682-1803 United States of America/Louisiana
89%
1883-1960 Benin
84%
1912-1956 Morocco
84%
1677-1960 Senegal
84%
1896-1960 Burkina Faso
79%
1916-1960 Cameroon
79%
1896-1960 Madagascar
79%
1863-1953 Cambodia
74%
1715-1810 Mauritius
74%
1880-1960 Republic of the Congo
74%
1883-1954 Vietnam
74%
1890-1960 Central African Republic/CAR
68%
1841-1975 Comoros
68%
1862-1977 Djibouti
68%
1843-1960 Ivory Coast
68%
1893-1953 Laos
68%
1920-1943 Lebanon
68%
1656-1810 Seychelles
68%
1697-1804 Haiti
58%
498 AD-2026 France
53%
1839-1960 Gabon
53%
1673-1954 India
53%
1920-1946 Syria
53%
1906-1980 Vanuatu
53%
1632-1763 Dominica
32%
1660-1814 Saint Lucia
32%
1649-1763 Grenada
26%
No matching quizzes found
Score Distribution
Percent of People with Each Score
Percentile by Number Answered
Your Score History
You have not taken this quiz